[Event "Spakenburg FishPartners op"]
[Site "Spakenburg"]
[Date "2025.07.05"]
[Round "6"]
[White "Van der Wiel, John"]
[Black "Vedder, Henk"]
[Result "1-0"]
[WhiteElo "2380"]
[BlackElo "2326"]
[PlyCount "132"]
[EventDate "2025.07.05"]
[EventType "swiss (rapid)"]
[EventRounds "7"]
[EventCountry "NED"]
[SourceTitle "CB28_2025"]
[SourceDate "2025.07.09"]
[SourceVersion "1"]
[SourceVersionDate "2025.07.09"]
[SourceQuality "1"]

1. e4 e6 2. d4 d5 3. Nd2 dxe4 4. Nxe4 Bd7 5. Nf3 Bc6 6. Ng3 Nd7 7. Be2 Bd6 8. 0-0 Ne7 9. Qd3 Ng6 10. Nh5 0-0 11. Re1 e5 12. Bg5 Qc8 13. dxe5 Ndxe5 14. Nxe5 Nxe5 15. Qc3 f6 16. Be3 Kh8 17. Bc5 Qf5 18. Ng3 Qg6 19. Bh5 Qg5 20. Bxd6 cxd6 21. Qd4 Ng6 22. Bxg6 Qxg6 23. c3 f5 24. Qf4 Qf6 25. Rad1 Rad8 26. h4 h6 27. Re2 g5 28. hxg5 hxg5 29. Qd4 Qxd4 30. Rxd4 Kg7 31. Re6 f4 32. Ne4 Bxe4 33. Rdxe4 Rd7 34. Rd4 Rf6 35. Re8 Rf8 36. Rxf8 Kxf8 37. f3 Kf7 38. Rd5 Kf6 39. Kf2 Rd8 40. c4 b6 41. b3 Rd7 42. Ke2 Re7+ 43. Kd2 Rh7 44. Rxd6+ Ke7 45. Rg6 Rh5 46. Ke2 Kf7 47. Rc6 Rh1 48. Rc7+ Ke6 49. Rxa7 Rb1 50. Kd3 Rb2 51. Ra6 Rxg2 52. c5 Kd5 53. cxb6 Kc6 54. a4 Rb2 55. Kc4 Rc2+ 56. Kb4 Rf2 57. a5 Rxf3 58. Ra7 Re3 59. Rc7+ Kd6 60. Rg7 Re8 61. Rxg5 Rf8 62. Kb5 f3 63. Rg1 f2 64. Rd1+ Ke5 65. b7 Rd8 66. Rf1 Kd5 1-0

[Event "Spakenburg FishPartners op"]
[Site "Spakenburg"]
[Date "2024.06.29"]
[Round "1"]
[White "De Man, Burg"]
[Black "Van der Wiel, John"]
[Result "0-1"]
[WhiteElo "1780"]
[BlackElo "2387"]
[PlyCount "74"]
[EventDate "2024.06.29"]
[EventType "swiss (rapid)"]
[EventRounds "7"]
[EventCountry "NED"]
[SourceTitle "EXT 2025"]
[Source "ChessBase"]
[SourceDate "2024.10.14"]
[SourceVersion "1"]
[SourceVersionDate "2024.10.14"]
[SourceQuality "1"]

1. e4 c5 2. d4 cxd4 3. c3 d5 4. e5 dxc3 5. Nxc3 e6 6. Nf3 Nc6 7. Bb5 Nge7 8. 0-0 a6 9. Ba4 b5 10. Bc2 Ng6 11. Re1 Bc5 12. a4 b4 13. Bxg6 hxg6 14. Ne2 Qb6 15. Rf1 a5 16. Bf4 Ba6 17. Rc1 Rc8 18. Bg3 Ne7 19. Re1 Nf5 20. Ned4 Nxd4 21. Nxd4 Bxd4 22. Rxc8+ Bxc8 23. Qd2 Rh5 24. Rc1 Bd7 25. Kh1 Bxe5 26. Bxe5 Rxe5 27. Qf4 Re4 28. Qg3 Qc5 29. Qg5 Qxf2 30. h3 Re1+ 31. Rxe1 Qxe1+ 32. Kh2 Bxa4 33. Qg4 Qe5+ 34. Kh1 Qxb2 35. Qg3 Qc1+ 36. Kh2 Kd7 37. Qf2 Qc7+ 0-1

[Event "Leiden Crown 13th"]
[Site "Leiden"]
[Date "2019.07.15"]
[Round "4"]
[White "Van der Wiel, John"]
[Black "Stefansson, Hannes"]
[Result "1/2-1/2"]
[WhiteElo "2380"]
[BlackElo "2562"]
[PlyCount "33"]
[EventDate "2019.07.12"]
[EventType "tourn"]
[EventRounds "9"]
[EventCountry "NED"]
[EventCategory "10"]
[SourceTitle "EXT 2020"]
[Source "ChessBase"]
[SourceDate "2019.10.17"]
[SourceVersion "1"]
[SourceVersionDate "2019.10.17"]
[SourceQuality "1"]

1. e4 e5 2. Nf3 Nc6 3. Bb5 a6 4. Bxc6 dxc6 5. 0-0 Qd6 6. d3 Ne7 7. Nbd2 Ng6 8. Nc4 Qe6 9. b3 c5 10. Ne3 f6 11. a3 Qf7 12. Bd2 Be6 13. b4 b6 14. Kh1 Bd6 15. bxc5 bxc5 16. Bc3 0-0 17. Nd2 1/2-1/2

[Event "Leiden Crown 13th"]
[Site "Leiden"]
[Date "2019.07.13"]
[Round "2"]
[White "Van der Wiel, John"]
[Black "Schekachikhin, Maksim"]
[Result "1/2-1/2"]
[WhiteElo "2380"]
[BlackElo "2415"]
[PlyCount "69"]
[EventDate "2019.07.12"]
[EventType "tourn"]
[EventRounds "9"]
[EventCountry "NED"]
[EventCategory "10"]
[SourceTitle "EXT 2020"]
[Source "ChessBase"]
[SourceDate "2019.10.17"]
[SourceVersion "1"]
[SourceVersionDate "2019.10.17"]
[SourceQuality "1"]

1. e4 c6 2. d4 d5 3. Nd2 dxe4 4. Nxe4 Bf5 5. Ng3 Bg6 6. Nh3 Nf6 7. Nf4 Nbd7 8. h4 e5 9. dxe5 Qa5+ 10. c3 Qxe5+ 11. Qe2 Bc5 12. Nxg6 hxg6 13. Bf4 Qxe2+ 14. Bxe2 0-0-0 15. Bg5 Rde8 16. 0-0 Nd5 17. Rad1 f6 18. Bc1 Rxh4 19. Bf3 Nc7 20. Rfe1 Rxe1+ 21. Rxe1 Ne5 22. Be4 Nd5 23. Bc2 Nf4 24. Re4 g5 25. Nf5 Rg4 26. Bxf4 gxf4 27. Kf1 g6 28. f3 Nxf3 29. gxf3 Rg1+ 30. Ke2 Rg2+ 31. Kd3 gxf5 32. Rxf4 Rg5 33. Kc4 Be3 34. Rxf5 Rg2 35. Kb3 1/2-1/2

[Event "Amsterdam Batavia Grolsch 11th"]
[Site "Amsterdam"]
[Date "2019.03.10"]
[Round "9"]
[White "Van der Wiel, John"]
[Black "Leenhouts, Koen"]
[Result "1/2-1/2"]
[WhiteElo "2394"]
[BlackElo "2443"]
[PlyCount "43"]
[EventDate "2019.03.01"]
[EventType "tourn"]
[EventRounds "9"]
[EventCountry "NED"]
[EventCategory "8"]
[SourceTitle "CBM 189 Extra"]
[Source "ChessBase"]
[SourceDate "2019.05.31"]
[SourceVersion "1"]
[SourceVersionDate "2019.05.31"]
[SourceQuality "1"]

1. e4 c5 2. Nf3 e6 3. d4 cxd4 4. Nxd4 Nc6 5. Nc3 Qc7 6. Be2 Nf6 7. 0-0 Be7 8. Be3 0-0 9. f4 d6 10. Bf3 Nxd4 11. Qxd4 e5 12. Qd2 b6 13. Rfd1 Bb7 14. Nb5 Qd7 15. Nxd6 Qxd6 16. Qxd6 Bxd6 17. Rxd6 exf4 18. Bxf4 Bxe4 19. Bg5 Bxf3 20. gxf3 Rac8 21. Bxf6 gxf6 22. c3 1/2-1/2

[Event "Amsterdam Batavia Grolsch blitz 11th"]
[Site "Amsterdam"]
[Date "2019.03.08"]
[Round "7.1"]
[White "Warmerdam, Max"]
[Black "Van der Wiel, John"]
[Result "1-0"]
[WhiteElo "2450"]
[BlackElo "2394"]
[PlyCount "77"]
[EventDate "2019.03.01"]
[EventType "tourn (blitz)"]
[EventRounds "9"]
[EventCountry "NED"]
[SourceTitle "CBM 189 Extra"]
[Source "ChessBase"]
[SourceDate "2019.05.31"]
[SourceVersion "1"]
[SourceVersionDate "2019.05.31"]
[SourceQuality "1"]

1. e4 c5 2. Nf3 Nc6 3. d4 cxd4 4. Nxd4 Nf6 5. Nc3 d6 6. f3 e6 7. Be3 Be7 8. Qd2 0-0 9. 0-0-0 a6 10. g4 Nd7 11. h4 Nde5 12. Nxc6 bxc6 13. Qg2 Rb8 14. f4 Qa5 15. Rd4 c5 16. Ra4 Qb6 17. fxe5 Qxb2+ 18. Kd2 Bd7 19. Rxa6 c4 20. Be2 Qb7 21. Ra7 Qc8 22. exd6 Bxd6 23. e5 Bxe5 24. Qe4 f6 25. Bf3 Rd8 26. Ke2 Bxc3 27. Rd1 Kh8 28. h5 Be5 29. h6 g6 30. Bf4 Bc6 31. Bxe5 Bxe4 32. Bxf6+ Kg8 33. Rg7+ Kf8 34. Rxd8+ Qxd8 35. Bxd8 Rxd8 36. Bxe4 Rd4 37. Ke3 e5 38. Rxh7 g5 39. Ra7 1-0

[Event "Amsterdam Batavia Grolsch 11th"]
[Site "Amsterdam"]
[Date "2019.03.04"]
[Round "4"]
[White "Kuipers, Stefan"]
[Black "Van der Wiel, John"]
[Result "1/2-1/2"]
[WhiteElo "2455"]
[BlackElo "2394"]
[PlyCount "86"]
[EventDate "2019.03.01"]
[EventType "tourn"]
[EventRounds "9"]
[EventCountry "NED"]
[EventCategory "8"]
[SourceTitle "CBM 189 Extra"]
[Source "ChessBase"]
[SourceDate "2019.05.31"]
[SourceVersion "1"]
[SourceVersionDate "2019.05.31"]
[SourceQuality "1"]

1. e4 c5 2. Nf3 Nc6 3. d4 cxd4 4. Nxd4 e5 5. Nb5 d6 6. c4 Be7 7. N1c3 a6 8. Na3 Be6 9. Be2 Bg5 10. 0-0 Bxc1 11. Rxc1 Nge7 12. Nc2 Ng6 13. g3 0-0 14. Qd2 Qb6 15. b3 Rad8 16. Nd5 Qa7 17. Nde3 Nge7 18. Bf3 b5 19. Be2 bxc4 20. Bxc4 Bxc4 21. bxc4 Qc5 22. Rfd1 Kh8 23. Qd3 g6 24. Qa3 Qxa3 25. Nxa3 Nd4 26. Kf1 Ne6 27. Rb1 Nc5 28. Rb6 Nxe4 29. f3 Nc5 30. Rdxd6 Rxd6 31. Rxd6 Rb8 32. Nd5 Nf5 33. Rb6 Rxb6 34. Nxb6 Kg7 35. Nd5 Nd6 36. Ke2 f6 37. Kd2 Kf7 38. Kc3 Ke6 39. Nb1 a5 40. Nd2 Na4+ 41. Kb3 Nc5+ 42. Kc3 Na4+ 43. Kb3 Nc5+ 1/2-1/2

[Event "Amsterdam Batavia Grolsch blitz 11th"]
[Site "Amsterdam"]
[Date "2019.03.04"]
[Round "4.2"]
[White "Kuipers, Stefan"]
[Black "Van der Wiel, John"]
[Result "1-0"]
[WhiteElo "2455"]
[BlackElo "2394"]
[PlyCount "85"]
[EventDate "2019.03.01"]
[EventType "tourn (blitz)"]
[EventRounds "9"]
[EventCountry "NED"]
[SourceTitle "CBM 189 Extra"]
[Source "ChessBase"]
[SourceDate "2019.05.31"]
[SourceVersion "1"]
[SourceVersionDate "2019.05.31"]
[SourceQuality "1"]

1. e4 g6 2. d4 Bg7 3. Nc3 c6 4. Nf3 d6 5. Be3 Nf6 6. Qd2 b5 7. Bd3 a6 8. Bh6 0-0 9. h4 Bg4 10. Bxg7 Kxg7 11. Ng5 h6 12. Nh3 e5 13. dxe5 dxe5 14. f3 Bxh3 15. Rxh3 Nbd7 16. 0-0-0 Rh8 17. Ne2 Nc5 18. Qe3 Qe7 19. h5 Nxh5 20. Rxh5 gxh5 21. Kb1 h4 22. g3 Ne6 23. Rh1 Qc5 24. Qc1 Qf2 25. Rf1 Qc5 26. gxh4 Kf8 27. f4 Nd4 28. Ng3 Rg8 29. Nh5 Rg6 30. f5 Rd6 31. f6 Ke8 32. Qxh6 Kd7 33. Qg7 Kc7 34. Qxf7+ Rd7 35. Qg6 Rf8 36. Ng7 Kb6 37. c3 Nb3 38. axb3 Rxd3 39. Ne6 Qe3 40. Nxf8 Qe2 41. Qg1+ c5 42. Re1 Qh5 43. Ne6 1-0

[Event "Amsterdam Batavia Grolsch 11th"]
[Site "Amsterdam"]
[Date "2019.03.01"]
[Round "1"]
[White "Lopez, Jasel"]
[Black "Van der Wiel, John"]
[Result "1/2-1/2"]
[WhiteElo "2388"]
[BlackElo "2394"]
[PlyCount "93"]
[EventDate "2019.03.01"]
[EventType "tourn"]
[EventRounds "9"]
[EventCountry "NED"]
[EventCategory "8"]
[SourceTitle "CBM 189 Extra"]
[Source "ChessBase"]
[SourceDate "2019.05.31"]
[SourceVersion "1"]
[SourceVersionDate "2019.05.31"]
[SourceQuality "1"]

1. d4 Nf6 2. c4 e6 3. Nf3 d5 4. Nc3 Be7 5. Bg5 0-0 6. e3 h6 7. Bh4 b6 8. Be2 Bb7 9. Bxf6 Bxf6 10. cxd5 exd5 11. b4 c6 12. 0-0 a5 13. b5 c5 14. Ne5 Bxe5 15. dxe5 d4 16. Na4 Qg5 17. Bg4 Qxe5 18. Nxb6 Ra7 19. exd4 cxd4 20. Rc1 Qxb5 21. Qxd4 Qg5 22. Nd7 Nxd7 23. Qxa7 Bxg2 24. Qxd7 f5 25. Rc8 Qxg4 26. Rxf8+ Kxf8 27. Qd6+ Kf7 28. Re1 Bd5+ 29. Qg3 Qxg3+ 30. fxg3 Bxa2 31. Re5 Bb1 32. Rxa5 Kf6 33. Kf2 Kg5 34. Rb5 Bc2 35. h3 Kf6 36. Ke3 Ke6 37. Rb6+ Kf7 38. Kf4 Bd3 39. h4 Bc2 40. Rb2 Bd3 41. Ke3 Bf1 42. Rb1 Bh3 43. Kf4 Bg4 44. Rb6 Bh3 45. Ke5 Bg4 46. Rb7+ Kf8 47. Rb8+ 1/2-1/2

[Event "Groningen Challenge m"]
[Site "Groningen"]
[Date "2012.12.28"]
[Round "3"]
[White "Van Foreest, Jorden"]
[Black "Van der Wiel, John"]
[Result "0-1"]
[WhiteElo "2222"]
[BlackElo "2427"]
[PlyCount "64"]
[EventDate "2012.12.26"]
[EventType "match"]
[EventRounds "4"]
[EventCountry "NED"]
[SourceTitle "CBM 152 Extra"]
[Source "ChessBase"]
[SourceDate "2013.02.25"]
[SourceVersion "1"]
[SourceVersionDate "2013.02.25"]
[SourceQuality "1"]

1. e4 c5 2. Nf3 d6 3. d4 cxd4 4. Nxd4 Nf6 5. Nc3 a6 6. h3 g6 7. Be3 Bg7 8. g4 Nc6 9. Qd2 h5 10. g5 Nd7 11. 0-0-0 0-0 12. f4 Na5 13. Kb1 b5 14. b3 Bb7 15. f5 Nc5 16. Bg2 Rb8 17. Rhf1 Be5 18. Nd5 Bxd5 19. exd5 Qc7 20. c3 Na4 21. bxa4 Nc4 22. Qd3 bxa4+ 23. Ka1 Nb2 24. Qc2 Nxd1 25. Rxd1 a3 26. fxg6 Rb2 27. gxf7+ Rxf7 28. Qg6+ Bg7 29. Be4 Qc4 30. Nb3 Rxb3 31. Bd4 Rb2 32. Bb1 Qe2 0-1

[Event "Roosendaal LBV op-A"]
[Site "Roosendaal"]
[Date "2012.08.18"]
[Round "5"]
[White "Werle, Jan"]
[Black "Van der Wiel, John"]
[Result "1/2-1/2"]
[WhiteElo "2533"]
[BlackElo "2419"]
[PlyCount "74"]
[EventDate "2012.08.16"]
[EventType "swiss"]
[EventRounds "6"]
[EventCountry "NED"]
[SourceTitle "CBM 150 Extra"]
[Source "ChessBase"]
[SourceDate "2012.10.19"]
[SourceVersion "1"]
[SourceVersionDate "2012.10.19"]
[SourceQuality "1"]

1. d4 Nf6 2. c4 e6 3. Nf3 d5 4. Nc3 Be7 5. Bg5 0-0 6. e3 h6 7. Bh4 b6 8. Bd3 Bb7 9. 0-0 Nbd7 10. Qe2 c5 11. Bg3 a6 12. cxd5 exd5 13. Rad1 b5 14. dxc5 Nxc5 15. Bc2 Qa5 16. Be5 Ncd7 17. Bd4 b4 18. Nb1 Bc6 19. Nbd2 Rfc8 20. Bd3 Bb5 21. Ra1 Nc5 22. Bxc5 Bxd3 23. Qxd3 Qxc5 24. Nd4 g6 25. a3 Qb6 26. a4 Bf8 27. Rfc1 Bg7 28. N2b3 Ng4 29. Qe2 Ne5 30. Rc2 Rxc2 31. Qxc2 Nc4 32. Rd1 Rc8 33. g3 Bf6 34. Qe2 Re8 35. Qc2 Kg7 36. Rd3 Rc8 37. Qe2 Re8 1/2-1/2